000 00438nam a22001697a 4500
999 _c1768
_d1768
003 SLTCLib
008 251209b ce ||||| |||| 00| 0 eng d
020 _a9781119235329
041 _aEnglish
082 _a005.8
_bORI
100 _aOriyano, Sean-Philip
_93224
245 _aPenetration Testing
_bEssentials
260 _aIndia
_bJohn Wiley and Sons Inc
_c2017
300 _a340p.
650 0 _91848
_aComputer Systems
942 _2ddc
_cMLN
945 _a3725
_bIshara wickramage
_c3725
_dIshara wickramage